[Event "Budapest FS09 GM"]
[Site "Budapest"]
[Date "2004.09.14"]
[Round "11"]
[White "Erenburg, Sergey"]
[Black "Grafl, Florian"]
[Result "1-0"]
[WhiteElo "2533"]
[BlackElo "2411"]
[Annotator "Erenburg,S"]
[PlyCount "67"]
[EventDate "2004.09.04"]
[EventType "tourn"]
[EventRounds "13"]
[EventCountry "HUN"]
[EventCategory "8"]
[SourceTitle "CBM 102 Extra"]
[Source "ChessBase"]
[SourceDate "2004.11.03"]
[SourceVersion "1"]
[SourceVersionDate "2004.11.03"]
[SourceQuality "1"]

1. e4 e6 2. Qe2 {Interesting attempt to move the game out of main theoretical
lines.} c5 {Black is transforming the opening to Sicilan defence.} 3. Nf3 Nc6
4. d3 g6 5. g3 {The attempt to disturb black to complete the development
doesn't promise white anything special:} (5. Bg5 Qa5+ 6. c3 Bg7 {and black
gets comfortable position, where the queen is located absolutely not bad on a5,
from where it can support the black's initiative on the queenside.}) 5... Bg7
6. Bg2 Nge7 7. O-O (7. h4 h6 8. c3 {0-1 Gallagher,J-Knaak,R/Germany 1998/
GER-chT/[Knaak] (48)}) 7... O-O 8. c3 {White covers the d4 square and limits
the possibilities of black's dark-squared bishop.} e5 {Black fixes white's e4
pawn, that after d7-d5 or b7-b5 white will not be able to play e4-e5.} ({After
} 8... d5 {white reacts with typical} 9. e5 {and strengthens the e5 pawn with
all the pieces.} Qc7 10. Bf4 {1-0 Nielsen,P-Brynell,S/Munkebo 1998/CBM 67/
[Hecht] (90)}) 9. a3 {After black played e6-e5 and closed the long diagonal
for his dark-squared bishop, white's main plan becomes carrying out of b2-b4.}
a5 {preventing from white to carry out b2-b4. But, deserves attention "no
reaction" strategy:} (9... d6 10. b4 h6 11. Bb2 Be6 12. b5 Na5 13. Nbd2 Rc8 14.
c4 b6 15. Ne1 Qd7 16. Nc2 Rce8 17. Ne3 f5 18. f4 Rf7 19. exf5 Nxf5 20. Nxf5
Bxf5 21. Rae1 $14 {1/2-1/2 Kaminski,M-Socko,M/Koszalin 1999/CBM 73 (43) and
white's chances are slightly better, thanks to the misplaced black's knight on
a5.}) 10. a4 $146 {Maybe it is a bit strange to play twice with the same pawn,
but in this particular case, white is fixing black's queenside pawns, thus,
white gets the comfortable positions c4 and b5 for his knights.} ({Much worse
is} 10. b3 d5 11. exd5 Nxd5 12. Bb2 Re8 $15 {0-1 Fernandez Cazorla,A-Vehi Bach,
V/Barcelona 2000/CBM 77 ext (33)}) 10... d5 11. exd5 $1 {opening the long
diagonal for light-squared bishop.} (11. Na3 {is met by} d4 {and white's
light-squared bishop remains passive...}) 11... Nxd5 12. Nfd2 {White is going
to occupy the c4 and b5 with the knights. Also, sometimes, white can attack
black's pawns on the queenside with Nb3.} h6 {Black covers the g5 square, thus,
he prepares to develop the light-squared bishop to e6.} ({After} 12... Be6 $6 {
white gets an option of} 13. Ne4 {[%cal Ye4g5,Ye4c5]} (13. Na3 $5)) 13. Na3 {
White doesn't hurry to define the position of the knight on d2...} ({White
could force black to play b7-b6, but I wasn't sure if it worsens black's
position so much... While, I'll need to spend two tempos more to bring the
knight to c4 from b3:} 13. Nb3 b6) 13... Be6 14. Ndc4 Rb8 {Black prepares to
play Qd7, and he robs from white the possibity to win the exchange.} (14... Qd7
{makes possible} 15. Bxd5 Bxd5 16. Nb6 Qe6 17. Nxa8 Rxa8 18. Nb5 $16 {with
following f2-f3 and Be3.}) 15. Nb5 Qd7 16. Bd2 {Strategically, white's
position is good. I've succeeded to occupy excellent squares on the queenside
with the knights, thanks to fixed black's pawns. But, black can create
unpleasant pressure on d3 square, therefore, white gets into the game
queenside pieces.} Rfd8 17. Rad1 g5 {Black grabs some space on the kingside,
thus, making possible creating some counterplay on the kingside. One of the
possible plans for black is transfer of the knight from d5 to g6 via e7.} (
17... Bh3 {cannot be good move, as black will not be able to cover the light
squares after trading the bishops. Also, white can manage initiative
immediately with} 18. Bxh3 Qxh3 19. f4 $14) 18. Bc1 {White succeeded to locate
his pieces quite good, and now his main plan is carrying out of the
breakthrough f2-f4.} ({Immediate} 18. f4 {deserved attention:} exf4 19. gxf4
gxf4 20. Qf2 $1 $13 (20. Bxd5 $5) (20. Bxf4 $2 Bg4 $1 21. Qf2 Nxf4 22. Qxf4
Bxd1 23. Rxd1 Re8 $15)) 18... f5 $6 ({I would recommend black the following
prophylactic move:} 18... Kh8 $13 {and the position is not so clear, while my
feeling is that white has better prospects, thanks to passive black's
dark-squared bishop on g7.}) ({At this moment black cannot play} 18... Nde7 $2
{, due to} 19. Nb6 Qe8 20. Nc7 $16) (18... Bg4 {is met by} 19. Bf3) 19. f4 $1 {
After black played f7-f5 he lost the resource of Bg4. Therefore, there wasn't
any reason not to play f2-f4.} gxf4 20. gxf4 Nxf4 (20... exf4 21. Bxf4 Nxf4 22.
Rxf4 {-see the game.}) 21. Bxf4 exf4 22. Rxf4 $14 {White's position is better,
thanks to superior pawn structure, and better located pieces. It should be
noted, that white's knights are located excelent, in opposite, black's
dark-squared bishop is limitted by the c3 pawn.} Re8 23. Qf2 {attacking the c5
pawn.} b6 24. Nbd6 {driving away the rook from e8, thus, white hopes to get
control over the "e" file.} Rf8 25. Re1 Ne7 {Black needs to activate some of
his pieces, so he intends to transfer the knight to g6.} 26. Rf3 ({Maybe
stronger was} 26. Qg3 Kh7 27. Rf2 $36 {[%cal Yf2e2]}) 26... Ng6 27. Rg3 $6 {
After this inaccuracy, white can throw away his advantage... Much better was} (
27. Rfe3 Bxc4 28. Nxc4 f4 29. Re6 $36) 27... Kh7 $2 {Serious mistake, which
allows white to get a decisive advantage. Black should have continued} (27...
Rf6 $1 {defending the bishop e6.} 28. Kh1 {[%cal Ye1g1] Probably, white's
position is still better, but black has some resources.}) {[%tqu "En","Please
find the move, which brings white a decisive advantage","","","g2c6","",10]}
28. Bc6 $1 {Probably, this move was overlooked by my opponent.} Qxc6 (28... Qe7
{also loses, in view of} 29. Rxg6 (29. Bd5 Bxd5 30. Rxe7 Nxe7 $16) 29... Kxg6
30. Qe3 Rf6 31. Bd5 Qxd6 32. Nxd6 Bxd5 33. Ne8 $18) 29. Rxe6 $18 {And black is
hopeless against white's activity.} Nh8 (29... Rf6 30. Rxg6 $18) 30. Rxg7+ {
There were many other ways to win the game:} (30. Re7 Ng6 31. Rxg6 $18) (30.
Nxf5 Qc7 31. Qf4 $1 $18) 30... Kxg7 31. Nxf5+ Rxf5 32. Qxf5 Qc7 33. Qf6+ Kg8
34. Re7 {winning a lot of material.} 1-0

[Event "Moscow Petrosian Memorial"]
[Site "Moscow"]
[Date "1995.??.??"]
[Round "3"]
[White "Najer, Evgeniy"]
[Black "Moskalenko, Viktor"]
[Result "1/2-1/2"]
[WhiteElo "2455"]
[BlackElo "2525"]
[Annotator "Ernst,T"]
[PlyCount "55"]
[EventDate "1995.??.??"]
[EventType "tourn"]
[EventRounds "11"]
[EventCountry "RUS"]
[EventCategory "10"]
[SourceTitle "CBM 046"]
[Source "ChessBase"]
[SourceDate "1995.06.01"]
[SourceVersion "1"]
[SourceVersionDate "1995.06.01"]
[SourceQuality "1"]

1. e4 e6 2. Nf3 d5 3. e5 c5 4. b4 c4 $6 (4... cxb4 {main line} 5. a3 (5. d4 Ne7
6. a3 Qa5 (6... Nf5 7. axb4 Bxb4+ 8. c3 Be7 9. Bd3 Nc6 10. O-O Bd7 11. Na3 a6
12. Nc2 Na5 13. Ne3 Nxe3 14. fxe3 Bb5 15. Ne1 O-O 16. Rf3 Bxd3 17. Nxd3 Rc8 18.
Bd2 Nc4 19. Rg3 f5 20. Nf4 Rc6 21. Be1 Bg5 22. Qh5 Bxf4 23. exf4 Qe8 24. Qh4
Rb6 25. Rg5 Rb2 26. Qh3 a5 27. g4 fxg4 28. Qxg4 Qf7 29. Bg3 b5 30. Re1 a4 31.
f5 a3 32. f6 g6 33. h4 Kh8 34. h5 gxh5 35. Qf4 a2 36. Rg7 Qxg7 37. fxg7+ Kxg7
38. Qg5+ Kh8 {1/2-1/2 Dankert,P-Hort,V/BL 8081 (1981) ;BL 1981}) 7. Bd3 Nbc6 8.
O-O Bd7 9. Nbd2 Qc7 10. Re1 h6 11. g4 a6 12. Nb3 Nc8 13. g5 g6 14. c3 bxc3 15.
Qc2 N8e7 16. Qxc3 Rc8 17. Qd2 Nf5 18. Bxf5 gxf5 19. gxh6 Bxh6 {Stein,B-Bukal,V/
Dortmund-B ;TD 87\03 1987/0-1 (36)}) 5... Nc6 6. axb4 Bxb4 7. c3 Be7 8. d4 Bd7
9. Bd3 Rc8 (9... Na5 10. O-O a6 11. Ne1 h5 12. Ra2 Rc8 13. Re2 Nh6 14. Re3 g6
15. Rh3 Bc6 16. g4 Kd7 17. Bxh6 Rxh6 18. f4 Qh8 19. g5 {Buecker,S-Hort,V/
FRG-ch (15) ;CBM 24 1991/0-1 (52)}) 10. O-O a6 11. Ne1 Na7 12. Qg4 g6 13. Qg3
Bb5 14. Be3 Bxd3 15. Nxd3 Nb5 16. Rc1 h5 17. Nf4 Bh4 18. Qh3 Qe7 19. Nxd5 Qd8
20. Nb6 Rc6 21. d5 exd5 22. c4 dxc4 23. Na3 Nxa3 24. Rd1 Qe7 25. Nd5 Qe6 26.
Qxh4 Ne7 27. Nf6+ Kf8 {1-0 Chandler,P-Mueller,T/Moscow op ;EXP 19 1990}) 5. c3
a5 6. b5 Nd7 7. d3 cxd3 8. Bxd3 f6 (8... Ne7 9. O-O Ng6 10. Qe2 Bc5 11. Re1 O-O
{Romero Holmes-Martens/Wijk-B/1991/1/2-1/2/ ;CBM 22} 12. h4 $1 Nxh4 $2 13.
Bxh7+ Kxh7 14. Ng5+ Kg6 15. Qg4 $18 {/\ Ne6, Qh4}) (8... Qc7 9. Qe2 Ne7 10. O-O
Ng6 11. Re1 Be7 12. h4 Bxh4 13. Nxh4 Nxh4 14. Ba3 Qd8 15. Qh5 Ng6 16. c4 dxc4
17. Bxg6 fxg6 18. Qg4 Nb6 19. Nc3 g5 20. Qh5+ g6 21. Qh6 Qd7 22. Rad1 Nd5 23.
Rxd5 exd5 24. e6 {1-0 Mortensen,E-Hansen,J/Gausdal zt ;CBM 04 1987}) 9. Qc2
Nxe5 10. Nxe5 fxe5 11. Bxh7 Bd6 12. Bxg8 Rxg8 13. c4 (13. Qh7 $5) 13... Qc7 14.
Ba3 Bb4+ 15. Bxb4 axb4 16. Nd2 e4 17. Qb2 Rh8 18. g3 (18. h3 e3 19. fxe3 Qg3+
$17) 18... e3 (18... Qe7 {/\Qf6}) 19. fxe3 Ra3 20. O-O $6 (20. Qd4 $5) (20. Nf1
$5 Qxc4 (20... dxc4 21. Qxb4) 21. Qxg7) 20... Rxe3 21. Nf3 dxc4 (21... Qc5 $5
22. Qd4 (22. Kh1 Rf8 $15) 22... Qxd4 23. Nxd4 Re4 $15) 22. Qf2 Rd3 23. Ng5 b6 (
23... Qe7 $5) 24. Rae1 Qc5 $6 (24... Qe7 $5) 25. Qxc5 (25. Nxe6 $5 Qxf2+ 26.
Rxf2 Bxe6 27. Rxe6+ Kd7 28. Rxb6 $14) 25... bxc5 26. Rf7 (26. Nxe6 $5) 26...
Rh5 (26... Rd2 $5) 27. Rxg7 c3 28. Ne4 (28. Ne4 c2 $1 $17 29. Nf6+ Kf8) 1/2-1/2

[Event "Moscow op-A"]
[Site "Moscow"]
[Date "2015.02.04"]
[Round "5"]
[White "Schroeder, Jan Christian"]
[Black "Fier, Alexandr"]
[Result "0-1"]
[WhiteElo "2405"]
[BlackElo "2604"]
[Annotator "Fier,A"]
[PlyCount "54"]
[EventDate "2015.01.31"]
[EventType "swiss"]
[EventRounds "9"]
[EventCountry "RUS"]
[SourceTitle "CBM 165"]
[Source "ChessBase"]
[SourceDate "2015.03.11"]
[SourceVersion "1"]
[SourceVersionDate "2015.03.11"]
[SourceQuality "1"]

1. e4 c5 2. Nf3 e6 3. g3 Nc6 4. Bg2 Nf6 5. Qe2 Be7 (5... d5 {is the move I try
to avoid, even if it looks quite normal, White has a dangerous plan in mind} 6.
exd5 Nxd5 7. O-O Be7 8. Rd1 O-O (8... Bf6 {looks slightly better} 9. Nc3 O-O
10. Ne4 Be7 11. d4 cxd4 12. Nxd4 Nxd4 13. Rxd4 {compared to the main line the
only difference is the knight on e4 instead of b1. This looks better for White,
but it allows a nice resource} Nf4 $5 14. Nf6+ Bxf6 15. Rxf4 {Ni,H (2661)
-Iturrizaga Bonelli,E (2642) Benasque op 33rd 2013 (8) 0-1 with a balanced
position in}) 9. d4 cxd4 10. Nxd4 Nxd4 11. Rxd4 Bf6 12. Rd1 {Ivanchuk,V (2744)
-Pelletier,Y (2578) Tromso ol (Men) 41st 2014 (6.1) 1-0 where White has good
results due to some pressure on the queenside, as seen in}) 6. O-O (6. e5 Nd5
7. c4 Ndb4 8. d3 d6 9. a3 Na6 {Adams,M (2727)-Vitiugov,N (2712) Alekhine
Memorial 2013 (5) 1/2 was strange but ok for Black in}) 6... d5 7. d3 b6 {
I played this move without much knowledge about the position. Since my
opponent used to play the Open Sicilian I thought it was better to deviate
from the main paths of the King's Indian Attack. The idea of playing this
instead of 7...b5 is that in some positions I can go with the king to the
queenside.} (7... O-O 8. e5 Nd7 9. c4 {is the main variation and here Black
chose} d4 {in an important game from the Candidates} 10. h4 Kh8 11. Bf4 f5 {
Svidler,P (2758)-Karjakin,S (2766) FIDE Candidates 2014 (8) 0-1 with a complex
middlegame in}) 8. Re1 {A neutral move, but probably not the most critical.} (
8. e5 Nd7 9. c4 {is again a good plan and with the pawn on b6 White has one
more setup at his disposal} d4 10. Nfd2 $5 (10. h4 {is also normal}) 10... Bb7
11. f4 {White's position has a lot of potential here.}) 8... Bb7 {After this
move I was not so sure how White should proceed.} 9. h4 (9. Nbd2 {would be a
normal move, but here I can force matters with} Nb4 $5 10. exd5 {was the move
I was more afraid of, but it looks like Black is ok after} (10. Qd1 {is a move
that most players would like to avoid} dxe4 {during the game I thought it
could be possible, but it turns out that it is dangerous and unnecessary} (
10... O-O {is probably the best with a comfortable position for Black}) 11.
dxe4 Nxe4 12. Ne5 Nd6 13. Bxb7 Nxb7 14. c3 Nd5 15. Qa4+ {after this move White
has good compensation}) 10... Nxc2 11. dxe6 fxe6 12. Ng5 Bxg2 13. Nxe6 Qd7 14.
Kxg2 Nxe1+ 15. Qxe1 Kf7 {White is not developed enough to claim full
compensation.}) (9. c3 c4 {is a move that White needs to be aware of} (9... O-O
10. e5 Nd7 11. h4 {is once again thematic}) 10. dxc4 dxe4 (10... Nxe4 $6 11.
cxd5 exd5 12. c4 $16) 11. Nfd2 Qd3 12. Nxe4 Qxe2 13. Rxe2 O-O-O 14. Nbd2 {
but here Black does not have enough for the pawn.}) 9... h6 10. e5 Nd7 11. c4
$6 {Finally White has gone for the critical idea, but now it's too late. I
have the pieces developed enough to create strong counterplay.} (11. Nbd2 Qc7
12. Nf1 O-O-O {was what I had in mind.}) 11... dxc4 12. dxc4 g5 $1 {After this
move White's king is more exposed than Black's one.} 13. hxg5 hxg5 14. g4 {
A logical move, but it allows me to open up White's king even more.} (14. Nc3
$5 {was the best idea, and the game becomes completely unclear} g4 15. Nh2 Nd4
{was my idea and one possible follow up could be} 16. Qxg4 Bxg2 17. Kxg2 Nc2
18. Bf4 Qc7 19. Qg7 O-O-O (19... Qb7+ $5 20. f3 Rxh2+ 21. Kxh2 Nxa1 22. Rxa1
Qxf3 {again with a mess}) 20. Qxf7 Nxa1 21. Qxe7 Nc2 {with a position which is
hard to evaluate.}) 14... Nd4 {Entering into a forced sequence where I can get
all the initiative for just one pawn.} 15. Nxd4 Bxg2 16. Nxe6 (16. Kxg2 cxd4
17. Nd2 Qc7 18. Nf3 O-O-O {is just better for Black.}) 16... Bb7 $1 {Part of
the plan. The queen is untouchable, so White has just one defence:} 17. Ng7+
Kf8 18. Nh5 {The position is still not clear. If White can manage to bring the
knight to d5, everything will be under control. Another precise move is
required here.} Qc8 $1 {Going to c6, but on the way threatening 19...Nxe5.} (
18... Qc7 $2 19. Nc3 Qc6 20. Nd5 {and Black is in trouble.}) 19. f3 ({Neither} 
19. Nc3 Nxe5 $19) ({nor} 19. Nd2 Nxe5 $19 {works.}) 19... Qc6 20. Nd2 Re8 {
I can recover the e5-pawn by force, and the position after this was supposed
to be easy.} 21. b3 Bd6 22. Bb2 Bxe5 {This is the position I saw after 18...
Qc8, but now that the position had been reached I was not so sure anymore
about my advantage.} 23. Bxe5 $2 {Now I have a forced win.} (23. Ne4 {was
better} Bd4+ 24. Bxd4 cxd4 25. Qh2 Ne5 26. Nxg5 {and somehow White's position
is holding up} Qxf3 27. Nxf3 Nxf3+ 28. Kg2 Nxh2+ 29. Kxh2 f5 30. Kg3 Re4 31.
Rxe4 fxe4 32. Rd1 {and I'm forced to play 32...d3, so White is ok.}) 23... Nxe5
24. Ne4 f5 (24... Rh6 {is the computer's suggestion with decisive advantage,
but during the game I even didn't consider it} 25. Rad1 (25. Nhg3 Rh3 26. Kg2
Qh6 27. Rh1 Ng6 {and the knight will land with deadly impact on f4}) 25... f5 {
now this is more powerful} 26. Nxg5 Qg6 27. Qb2 Nxf3+ {and compared to the
line in the game, the rook on h8 would not be hanging!}) 25. Nxg5 Rg8 $2 {
With so many attacking variations I could not decide which one was the best.} (
25... Rxh5 {is a possible idea, but not enough to win} 26. gxh5 Qh6 27. Qd2
Qxg5+ 28. Qxg5 Nxf3+ 29. Kf2 Nxg5 30. Rxe8+ Kxe8 31. h6 {and with precise play
White must hold}) (25... Qg6 $1 {with the threat of 26...Nxf3+ was the move I
spent most time on, but without a definitive conclusion} 26. Qb2 (26. Qh2 Nxf3+
27. Nxf3 Qxg4+ 28. Qg3 Rxe1+ 29. Rxe1 Rxh5 {is probably winning}) 26... Be4 $1
{this is the best move and not an easy one to find. With all the attacking
moves, defending the knight on e5 is the right way to go} (26... Nxf3+ 27. Kf1
$1 {the second rank must be free} (27. Kf2 Nd4 28. Rxe8+ Kxe8 {is winning,
Black's king can hide safely on the d-file}) 27... Nd4 28. Qh2 $1 {and again
the queen enters into Black's position} Qxg5 (28... Be4 29. Nxe4 fxe4 30. Qf4+
Qf7 {is not the kind of position I was looking for}) 29. Rxe8+ Kxe8 30. Qb8+
Kf7 31. Qxb7+ $11) (26... Rxh5 {looks really tempting, but it's still not
winning} 27. Rxe5 (27. gxh5 Qxg5+ $19) 27... Rxg5 (27... Rxe5 28. Qxe5 Rxg5 29.
Qb8+ Qe8 30. Qxb7 fxg4 31. f4 Rh5) 28. Rxe8+ Kxe8 29. Re1+ Kf7 30. Qh2 $1 {
and Black has no good way to avoid 31.Qc7+} Qc6 (30... Rxg4+ 31. fxg4 Qxg4+ 32.
Kf2 Qf3+ 33. Kg1 {and there is no mate}) 31. Qh7+ Rg7 32. Qxf5+ Kg8 33. Qh5 $1
{with the classical 0.00} Rf7 34. Re5 Qd6 35. Re8+ Rf8 36. Qg5+ Kf7 37. Qh5+
Kg7 38. Qg5+ $11) 27. f4 $1 (27. Nxe4 fxe4 28. Rxe4 Rxh5 {should be winning}) (
27. fxe4 Qxg5 $19) 27... Rh6 $3 {and finally White's position collapses. This
was the only move one more time} (27... fxg4 $5 {still gives some advantage,
but now we enter the fantasy world} 28. Ng3 Rh1+ 29. Nxh1 Nf3+ 30. Kf2 Qh6 {
with attack}) 28. fxe5 Qxg5 29. Rxe4 fxe4 30. Rf1+ Ke7 31. Qe2 Qxe5 32. Rf5
Qd4+ {and even here I would not be that sure I'm winning, but apparently there
is not much to worry about anymore.}) (25... fxg4 $2 26. Qh2 $1 {and White is
winning. Finally Black's king is the most exposed one.}) 26. Qd2 $2 {Allowing
me to finish the game in a brutal way.} (26. Nf6 $1 {amazingly defends the
position} Rg6 (26... Rxg5 $2 27. Nh7+ Kg7 28. Nxg5 $18 {and the other knight
comes to defend f3!}) (26... Qxf6 27. Nh7+ $18) (26... Nxf3+ 27. Qxf3 Rxe1+ 28.
Rxe1 Qxf3 29. Nxf3 Bxf3 30. Nxg8 $18) 27. Nxe8 Rxg5 28. Nf6 $8 {again the
knight saves the day} (28. Qxe5 $2 Rxg4+ $1 29. Kh2 Qh6#) 28... Qxf3 (28...
Nxf3+ 29. Kf2) 29. Qxf3 Nxf3+ 30. Kf2 Kf7 (30... Nxe1 31. Nh7+ $18) 31. Ne8 $1
Nxe1 32. Rxe1 {and because of 33.Nd6+ I have no time to take on g4. If this
was the game I would for sure have nightmares about this knight.}) 26... Rxg5
27. Rxe5 Rxg4+ {Probably the move my opponent missed.} (27... Rxg4+ 28. Kh2
Rh4+ 29. Kg3 Qxf3+ 30. Kxh4 Qg4#) 0-1

[Event "Kecskemet Toth Memorial-07"]
[Site "Kecskemet"]
[Date "1979.06.14"]
[Round "13"]
[White "Rigo, Janos"]
[Black "Farago, Ivan"]
[Result "0-1"]
[WhiteElo "2385"]
[BlackElo "2510"]
[Annotator "Florian,T"]
[PlyCount "80"]
[EventDate "1979.06.02"]
[EventType "tourn"]
[EventRounds "15"]
[EventCountry "HUN"]
[EventCategory "9"]
[SourceTitle "EXT 1999"]
[Source "ChessBase"]
[SourceDate "1998.11.16"]
[SourceVersion "1"]
[SourceVersionDate "1998.11.16"]
[SourceQuality "1"]

1. e4 e6 2. d3 d5 3. Nd2 Nf6 4. Ngf3 Nc6 5. g3 e5 6. Bg2 dxe4 7. dxe4 Bc5 8.
O-O O-O 9. c3 a5 10. Qc2 b6 11. Nc4 Ng4 $1 12. h3 Ba6 $1 13. Qe2 $6 Nf6 14. Bg5
h6 15. Rfd1 (15. Rad1 $142) 15... Qe7 16. Bxf6 Qxf6 17. Nfd2 Rfd8 18. Bf1 $2
Rd3 $1 19. Kg2 Rad8 20. Qe1 Bxc4 21. Bxd3 Bxd3 22. Nb3 Bf8 23. Qe3 Ba6 24. Qf3
Qxf3+ 25. Kxf3 Bd6 26. Nd2 Rf8 27. Kg2 Nd8 28. f3 Ne6 29. Nf1 Bc5 30. Re1 g5
31. Rad1 h5 32. Ne3 Bxe3 33. Rxe3 Kg7 34. Kf2 Kf6 35. Kg2 h4 36. b4 Ra8 37. a3
Bc4 38. g4 Bb3 39. Rg1 a4 40. Re2 Nf4+ 0-1